Statistiques concernant Personnages d'anime en images - I

Cliquez ici pour prendre le quiz!

Statistiques générales

  • Ce quiz a été pris 193 fois
  • Le résultat moyen est 5 sur 14

Statistiques - réponses

Réponse% Correct
Itachi Uchiwa
93%
Ichigo Kurosaki
90%
Ippo Makunouchi
79%
Irumi Zoldick
59%
Emporio Ivankov
55%
Ignir
44%
Iris
39%
Iggy
27%
Izumi Curtis
21%
Gendō Ikari
6%
Isami Aldini
6%
Ido
1%
Irimi Kaya
1%
Mamoru Izawa (Paul Diamond)
1%

Distribution des résultats

Percentile par nombre de réponses

% des personnes avec chaque résultat

Votre développement - résultats

Vous n’avez pas pris ce quiz